[Event "Challenge"]
[Site "http://www.queenalice.com/game.php?id=446452"]
[Date "2008.8.9"]
[Round "-"]
[White "RicardoFialho"]
[Black "anginhacruel"]
[Result "0-1"]
[WhiteElo "1886"]
[BlackElo "1917"]

1. e4 e5 2. Nf3 Nf6 3. Nc3 Bc5 4. h3 c6 5. d4 exd4 6. Nxd4 d6 7. a3 O-O 8. Na4
Qa5+ 9. Nc3 Nxe4 10. Ne2 Nxf2 11. Qd2 Nxh1 12. b4 Bf2+ 13. Kd1 Qd8 14. Ne4 Qh4
15. Nxd6 Rd8 16. Nf4 Bg3 17. Qd4 Bf2 18. Bb2 Bxd4 19. Bxd4 Rxd6 0-1

[Event "Challenge"]
[Site "http://www.queenalice.com/game.php?id=446453"]
[Date "2008.8.9"]
[Round "-"]
[White "anginhacruel"]
[Black "KLEOJ"]
[Result "0-1"]
[WhiteElo "1909"]
[BlackElo "2173"]

1. e4 c5 2. d4 cxd4 3. Qxd4 Nc6 4. Qc4 Nf6 5. Nc3 e6 6. Nf3 Bb4 7. Bd3 d5 8.
exd5 exd5 9. Qb5 a6 10. Qa4 d4 11. Nxd4 Qxd4 12. O-O Bxc3 0-1

[Event "Challenge"]
[Site "http://www.queenalice.com/game.php?id=446455"]
[Date "2008.8.9"]
[Round "-"]
[White "anginhacruel"]
[Black "marlonpro"]
[Result "0-1"]
[WhiteElo "1904"]
[BlackElo "1268"]

1. Nf3 f5 2. e3 d5 3. d4 c6 4. Ne5 Nh6 5. Bd3 Be6 6. Nd2 g6 7. Ndf3 Ng4 8. O-O
a5 9. Ng5 h6 10. Nxe6 Qd6 11. Nf4 Bg7 12. Nexg6 Rg8 0-1

[Event "Challenge"]
[Site "http://www.queenalice.com/game.php?id=446738"]
[Date "2008.8.10"]
[Round "-"]
[White "anginhacruel"]
[Black "RicardoFialho"]
[Result "1/2-1/2"]
[WhiteElo "1932"]
[BlackElo "1887"]

1. e4 c5 2. d4 cxd4 3. Bc4 Nc6 4. Qf3 e6 5. Ne2 Ne5 6. Qb3 Nxc4 7. Qxc4 e5 8.
O-O h6 9. c3 dxc3 10. Nbxc3 Nf6 11. Nb5 Ke7 12. Nc7 Rb8 13. Be3 b6 14. Rad1 d6
15. Nc3 Be6 16. Qc6 Rc8 1/2-1/2

[Event "diabinhapiedosa"]
[Site "http://www.queenalice.com/game.php?id=447019"]
[Date "2008.8.11"]
[Round "-"]
[White "anginhacruel"]
[Black "lucasalex"]
[Result "0-1"]
[WhiteElo "1874"]
[BlackElo "1990"]

1. b3 d5 2. e3 e5 3. d4 exd4 4. exd4 Nf6 5. Bb5+ Bd7 6. Bd3 c5 7. Qe2+ Be7 8.
dxc5 Nc6 9. Nf3 O-O 10. Ba3 Re8 11. O-O Bxc5 12. Qd2 Qb6 13. b4 Nxb4 14. c3 Nxd3
15. Qxd3 Bb5 16. c4 Bxc4 17. Qc2 Bxf1 18. Bxc5 Rac8 19. Qb3 Qxc5 20. Qd1 Be2 21.
Qb3 Qc1+ 22. Ne1 Qxe1# 0-1

[Event "Challenge"]
[Site "http://www.queenalice.com/game.php?id=497215"]
[Date "2008.11.23"]
[Round "-"]
[White "anginhacruel"]
[Black "Tlaloc2k"]
[Result "0-1"]
[WhiteElo "1795"]
[BlackElo "1724"]

1. e4 e5 2. Nf3 Nc6 3. Bb5 Bd6 4. Bxc6 dxc6 5. d4 Qf6 6. Bg5 Qg6 7. Qd3 h6 8.
Be3 Qxg2 9. Nh4 Qxh1+ 10. Qf1 Qxe4 11. c3 Qxh4 12. Qg2 g5 13. Nd2 Be6 14. Qg3
Qh5 15. dxe5 Be7 16. Ne4 O-O-O 17. Bxa7 b6 18. Qg2 Kb7 19. a4 Kxa7 20. a5 Bd5
21. axb6+ Kxb6 0-1

[Event "Challenge"]
[Site "http://www.queenalice.com/game.php?id=497216"]
[Date "2008.11.23"]
[Round "-"]
[White "Tlaloc2k"]
[Black "anginhacruel"]
[Result "1-0"]
[WhiteElo "1704"]
[BlackElo "1815"]

1. e4 e5 2. Bc4 Qf6 3. d3 Bc5 4. Qf3 Nc6 5. Bd2 Nd4 6. Qd1 Nc6 7. Nf3 Nh6 8. h3
Nd4 9. O-O b5 10. Bd5 c6 11. Bg5 Nxf3+ 12. Qxf3 Qxg5 13. Bb3 d6 14. c4 bxc4 15.
Bxc4 Bd4 16. Nc3 Rb8 17. Bb3 Qd2 18. Na4 O-O 19. Rfd1 Qa5 20. Rdc1 Bb7 21. Qd1
1-0

[Event "Challenge"]
[Site "http://www.queenalice.com/game.php?id=497421"]
[Date "2008.11.23"]
[Round "-"]
[White "anginhacruel"]
[Black "lucasalex"]
[Result "0-1"]
[WhiteElo "1863"]
[BlackElo "2009"]

1. e4 e5 2. d4 exd4 3. Qxd4 Nc6 4. Qd5 Nf6 5. Qd3 Bc5 6. Nf3 O-O 7. Nc3 Re8 8.
Ng5 h6 9. Qc4 Bxf2+ 10. Kd1 hxg5 11. Bxg5 d5 12. Qd3 Bg4+ 13. Be2 Ne5 14. Qb5
dxe4+ 15. Nd5 Qxd5+ 16. Qxd5 Nxd5 17. a3 f6 18. Bd2 Rad8 19. Bxg4 Ne3+ 20. Kc1
N3xg4 21. b3 Be3 22. Rd1 Rxd2 23. Rxd2 Rd8 24. h3 Nh6 25. Ra2 Bxd2+ 26. Kd1 Bc3+
27. Ke2 Nf5 28. Kf2 e3+ 0-1

[Event "Challenge"]
[Site "http://www.queenalice.com/game.php?id=510256"]
[Date "2008.12.20"]
[Round "-"]
[White "anginhacruel"]
[Black "lucasalex"]
[Result "1-0"]
[WhiteElo "1776"]
[BlackElo "1877"]

1. e4 e5 2. Nf3 Nc6 3. Bb5 a6 4. Bxc6 dxc6 5. Nxe5 Qd4 6. Ng4 Qxe4+ 7. Ne3 Bb4
8. O-O Nf6 9. d3 Qh4 10. Nd2 Bg4 11. Nxg4 O-O-O 12. Ne5 Bxd2 13. Nxf7 Ng4 14. h3
h5 15. Qxd2 1-0

[Event "Rafael x O amor da minha vida!"]
[Site "http://www.queenalice.com/game.php?id=607659"]
[Date "2009.6.23"]
[Round "-"]
[White "brunofernandes"]
[Black "anginhacruel"]
[Result "1-0"]
[WhiteElo "2218"]
[BlackElo "1796"]

1. e4 d6 2. d4 e6 3. Bd3 e5 4. Nf3 Bg4 5. dxe5 dxe5 6. Bb5+ c6 7. Qxd8+ Kxd8 8.
Nxe5 Be6 9. Bc4 Bxc4 10. Nxc4 Nd7 11. Bf4 Ngf6 12. Nbd2 Be7 13. O-O-O Ng4 14.
Bg3 h5 15. f3 h4 16. fxg4 hxg3 17. hxg3 Kc7 18. Nf3 f6 19. Nd4 Nc5 20. Nf5 Nxe4
21. Rhe1 1-0

[Event "Challenge"]
[Site "http://www.queenalice.com/game.php?id=666224"]
[Date "2009.10.12"]
[Round "-"]
[White "anginhacruel"]
[Black "Martin_Stahl"]
[Result "0-1"]
[WhiteElo "1806"]
[BlackElo "2034"]

1. c4 c5 2. e4 Nc6 3. Nf3 g6 4. Be2 Bg7 5. d3 d6 6. Nc3 Nf6 7. O-O O-O 8. h3 b6
9. Bg5 Bd7 10. a3 Rb8 11. Nb5 a6 12. Nc3 b5 13. cxb5 axb5 0-1

[Event "Challenge"]
[Site "http://www.queenalice.com/game.php?id=666229"]
[Date "2009.10.12"]
[Round "-"]
[White "anginhacruel"]
[Black "pedro2009"]
[Result "0-1"]
[WhiteElo "1796"]
[BlackElo "1745"]

1. e4 e5 2. Nf3 Nc6 3. Bb5 a6 4. Ba4 Bd6 5. d3 Na5 6. c3 b5 7. Bb3 Nxb3 8. Qxb3
Qe7 9. a4 c6 10. axb5 cxb5 11. Qd5 Rb8 12. O-O Bb7 13. Qa2 Nf6 14. b4 Rc8 15.
Be3 h6 0-1

[Event "Challenge"]
[Site "http://www.queenalice.com/game.php?id=666230"]
[Date "2009.10.12"]
[Round "-"]
[White "anginhacruel"]
[Black "Acuario_72"]
[Result "0-1"]
[WhiteElo "1778"]
[BlackElo "1679"]

1. b3 e6 2. d4 g6 3. Nf3 Bg7 4. Bg5 Ne7 5. e3 h6 6. Bf4 b6 7. Nc3 Bb7 8. Nb5 d6
9. Qd2 g5 10. Qc3 Nd5 11. Nxc7+ Nxc7 12. Bg3 Nc6 0-1

[Event "Challenge"]
[Site "http://www.queenalice.com/game.php?id=865282"]
[Date "2010.11.29"]
[Round "-"]
[White "anginhacruel"]
[Black "SGrillo"]
[Result "0-1"]
[WhiteElo "1758"]
[BlackElo "1772"]

1. e4 e5 2. d4 d6 3. Bb5+ Bd7 4. Bxd7+ Nxd7 5. Nf3 h6 6. O-O Ne7 7. Qd3 Ng6 8.
Be3 Be7 9. dxe5 Ndxe5 10. Nxe5 Nxe5 0-1

[Event "Challenge"]
[Site "http://www.queenalice.com/game.php?id=865283"]
[Date "2010.11.29"]
[Round "-"]
[White "anginhacruel"]
[Black "Bixu"]
[Result "0-1"]
[WhiteElo "1748"]
[BlackElo "1785"]

1. d4 Nc6 2. c4 e6 3. Nc3 Bb4 4. a3 Bxc3+ 5. bxc3 Na5 6. e4 Nf6 7. e5 Ne4 8. Qc2
Ng5 9. Ne2 Nxc4 10. Ng3 b5 11. h4 Nf3+ 12. gxf3 Bb7 13. Nh5 Bxf3 14. Nxg7+ Kf8
15. Bh6 Ke7 16. Bg5+ f6 17. Bxf6+ Kf7 0-1